Loading...
| Science - Other | 0 | 7 | 1 | 1 | 65 | 41 | 62.57 | 3 | 6 | 0.00 | 0.00 |
| Science - Biology | 0 | 2 | 0 | 0 | 20 | 39 | 42.50 | 2 | 2 | 0.00 | 0.00 |
| Science - Physics | 0 | 2 | 0 | 0 | 20 | 55 | 59.50 | 2 | 2 | 0.00 | 0.00 |
| Literature - American | 0 | 2 | 0 | 1 | 20 | 79 | 102.00 | 1 | 2 | 0.00 | 0.00 |
| Fine Arts - Other | 0 | 2 | 1 | 0 | 15 | 76 | 79.00 | 0 | 1 | 0.00 | 0.00 |
| Science - Chemistry | 0 | 2 | 1 | 1 | 15 | 79 | 80.00 | 0 | 2 | 0.00 | 0.00 |
| Literature - British | 0 | 2 | 1 | 1 | 15 | 66 | 99.00 | 0 | 2 | 0.00 | 0.00 |
| Literature - World | 0 | 1 | 0 | 0 | 10 | 114 | 114.00 | 0 | 0 | 0.00 | 0.00 |
| History - Other | 0 | 1 | 0 | 0 | 10 | 121 | 121.00 | 0 | 0 | 0.00 | 0.00 |
| History - World | 0 | 1 | 0 | 0 | 10 | 61 | 61.00 | 0 | 1 | 0.00 | 0.00 |
| Current Events | 0 | 1 | 0 | 0 | 10 | 78 | 78.00 | 0 | 0 | 0.00 | 0.00 |
| Mythology | 0 | 1 | 0 | 0 | 10 | 131 | 131.00 | 0 | 0 | 0.00 | 0.00 |
| Pop Culture | 0 | 1 | 0 | 1 | 10 | 133 | 133.00 | 0 | 0 | 0.00 | 0.00 |
| Religion | 0 | 1 | 0 | 0 | 10 | 114 | 114.00 | 0 | 1 | 0.00 | 0.00 |
| Literature - European | 0 | 1 | 1 | 0 | 5 | 49 | 49.00 | 0 | 1 | 0.00 | 0.00 |
| History - European | 0 | 1 | 1 | 1 | 5 | 129 | 129.00 | 0 | 0 | 0.00 | 0.00 |
| History - American | 0 | 1 | 1 | 0 | 5 | 88 | 88.00 | 0 | 1 | 0.00 | 0.00 |
| Philosophy | 0 | 0 | 1 | 0 | -5 | 0.00 | 0 | 0 | 0.00 | 0.00 |